Normal view MARC view
  • DATACAD, ARCHITECTURAL DRAWING - DATA PROCESSING, COMPUTER AIDED DESIGN

Entry Topical Term

Number of records used in: 1

001 - CONTROL NUMBER

  • control field: 62253

003 - CONTROL NUMBER IDENTIFIER

  • control field: NUST

005 - DATE AND TIME OF LATEST TRANSACTION

  • control field: 20210628202915.0

008 - FIXED-LENGTH DATA ELEMENTS

  • fixed length control field: 210628|| aca||aabn | a|a d

040 ## - CATALOGING SOURCE

  • Original cataloging agency: NUST
  • Transcribing agency: NUST

150 ## - HEADING--TOPICAL TERM

  • Topical term or geographic name entry element: DATACAD, ARCHITECTURAL DRAWING - DATA PROCESSING, COMPUTER AIDED DESIGN

670 ## - SOURCE DATA FOUND

  • Source citation: Work cat.: (NUST): Smith, Michael .R, Morse, Richard .C 62252, The official data cad user's guide, 2001
© 2023 Central Library, National University of Sciences and Technology. All Rights Reserved.